| 000 | 01757cam a2200241 4500 | ||
|---|---|---|---|
| 001 | ABS68123 | ||
| 008 | 040826n2004 000 0 eng u | ||
| 035 | _a(Sirsi) u127173 | ||
| 100 | _aBrewer, G. | ||
| 245 | _aPost-repudiation adjudication | ||
| 260 | _c2004 | ||
| 490 |
_aContract Journal _v424(6485) 21 July 2004, 34(1) |
||
| 520 | _aDiscusses "Connex South Eastern Ltd v MJ Building Services Group Plc" ([2004] EWHC 1518 (TCC), [2004] BLR 333-340(8) where the requirement for an agreement to be in writing within the meaning of the Housing Grants, Construction and Regeneration Act 1996 s107 was considered. M had entered into a contract with C to supply CCTV cameras at railway stations. No written contract was entered into. M received instructions that the works were completely suspended, when C was acquired by another company. M sent C a letter stating C had repudiated the alleged contract and M had accepted the repudiation. M served a notice of adjudication on its claim for payment, which C refuted claiming there was no written acceptance of M's tender. Judge rejected C's claim that adjudication was intended only to relieve cash flow problems arising during the course of a contract and could not be used in the case of a dispute where a repudiation had been accepted. C's declaration was refused and the adjudication was allowed to proceed to deal with the matters in dispute between the parties. | ||
| 590 | _aABS | ||
| 590 | _aABS | ||
| 650 | _aADJUDICATION | ||
| 650 | _aREPUDIATION | ||
| 650 | _aCONNEX SOUTH EASTERN LTD V MJ BUILDING SERVICES GROUP PLC | ||
| 650 | _aHOUSING GRANTS, CONSTRUCTION AND REGENERATION ACT 1996 S107 | ||
| 650 | _aVERBAL AGREEMENT | ||
| 690 | _aDISPUTE RESOLUTION-CASE LAW | ||
| 942 | _n0 | ||
| 999 |
_c117905 _d117905 |
||